Project Management Professional (PMP) Role Delineation Study /

Guardado en:
Detalles Bibliográficos
Autor corporativo: Project Management Institute
Formato: Libro
Idioma:Inglés
Publicado: Pensilvania, EUA : Project Management Institute, 2000, c2000
Temas:
Etiquetas: Agrega una etiqueta
Sin etiquetas, Sé el primero en etiquetar este registro!

MARC

LEADER 00000nam^a2200000^a^4500
001 000165445
005 20250521000000.0
009 20260310101018.443
020 |a 1-880410-29-X 
037 |a Acervo ITESO - Biblioteca 
041 |a ING 
082 |a 658. 40407  |b PRO 
110 |a Project Management Institute 
245 1 0 |a Project Management Professional (PMP) Role Delineation Study /  |c Project Management Institute. 
264 4 |a Pensilvania, EUA :  |b Project Management Institute,  |c 2000, c2000 
300 |a 61 p. 
336 |a texto  |b txt  |2 rdacontenido 
337 |a sin mediación  |b n  |2 rdamedio 
338 |a volumen  |b nc  |2 rdasoporte 
649 |a XX 
650 |a Administradores 
650 |a Normalización y Certificación 
650 |a Guía de Estudio 
650 |a Apoyos Didácticos 
650 |a Administración de Proyectos -  |x Estudio y Enseñanza 
650 |a Proceso Administrativo -  |x Estudio y Enseñanza 
650 |a Administración -  |x Estudio y Enseñanza 
650 |a Ingeniería Industrial -  |x Estudio y Enseñanza 
650 |a Ciencias Administrativas -  |x Estudio y Enseñanza 
910 |a Fondo General 
920 |a Impresos - Libros 
930 |a Colección General 
905 |a 101 
901 |a 0500099887  |b IT1  |c ACC  |u 20250521 
902 |a https://opac.biblio.iteso.mx/vufind/Record/000165445